000 00244 a2200097 4500
001 34579
100 _aMongia, Rajech
245 _aRF and microwave coupled line circuits
260 _aLondon
_bArtech House, London
_c1996
090 _c22862
_d22862
942 _aNUST-CAE
_c
_c14294
999 _c269652
_d269652